Связь электролитных свойств с ионно-молекулярным составом в двойных жидких системах серная (дейтеросерная) кислота - эфиры: автореферат диссертации на соискание ученой степени кандидата химических наук; спец. 02.00.04

Bibliografische gegevens
Hoofdauteur: Рудницкая А. А. Анна Анатольевна
Coauteur: Киевский политехнический институт (КПИ)
Andere auteurs: Фиалков Ю. Я. (научный руководитель)
Samenvatting:Защита сост. 14.06.1982 г.
Taal:Russisch
Gepubliceerd in: Киев, [Б. и.], 1982
Onderwerpen:
Formaat: Boek
KOHA link:https://koha.lib.tpu.ru/cgi-bin/koha/opac-detail.pl?biblionumber=336438

MARC

LEADER 00000nam0a2200000 4500
001 336438
005 20231102004844.0
035 |a (RuTPU)RU\TPU\book\362854 
090 |a 336438 
100 |a 20171016d1982 k y0rusy50 ca 
101 0 |a rus 
102 |a UA 
105 |a a dm 001zy 
200 1 |a Связь электролитных свойств с ионно-молекулярным составом в двойных жидких системах серная (дейтеросерная) кислота - эфиры  |e автореферат диссертации на соискание ученой степени кандидата химических наук  |e спец. 02.00.04  |f А. А. Рудницкая  |g Киевский политехнический институт (КПИ) ; науч. рук. Ю. Я. Фиалков 
210 |a Киев  |c [Б. и.]  |d 1982 
215 |a 16 с.  |c ил. 
300 |a Защита сост. 14.06.1982 г. 
320 |a Библиогр.: с. 15-16 (7 назв.) 
606 1 |a Электролиты  |x Растворы  |2 stltpush  |3 (RuTPU)RU\TPU\subj\20138  |9 45264 
610 1 |a неводные электролитные растворы 
610 1 |a кислотно-основные взаимодействия 
610 1 |a исследование 
610 1 |a метод инфракрасной спектроскопии 
610 1 |a молекулярная электропроводность 
610 1 |a изотермы 
610 1 |a авторефераты диссертаций 
610 1 |a библиотека А. Г. Стромберга 
675 |a 544.354(04)  |v 4 
686 |a 02.00.04  |2 oksvnk 
700 1 |a Рудницкая  |b А. А.  |g Анна Анатольевна 
702 1 |a Фиалков  |b Ю. Я.  |4 727 
712 0 2 |a Киевский политехнический институт (КПИ)  |2 stltpush  |3 (RuTPU)RU\TPU\col\310 
801 1 |a RU  |b 63413507  |c 20171016 
801 2 |a RU  |b 63413507  |c 20180205  |g RCR 
942 |c BK